00601nam a2200169Ia 4500008004100000020001500041041000800056082001900064100002500083245007800108250000600186260004600192300001400238650002100252999001900273952013900292210716s2004 xx 000 0 und d a8126504021 aeng a005.30287 HUTM aHutcheson, Marnie L. aSoftware testing fundamentals: methods and metrics.bMethods and metrics. a1 aNew DelhibWiley Dreamtech Pvt Ltdc2004 axix,408,8 aSoftware Testing c187143d187143 00102ddc40738MCAaAIMITbAIMITePremier Bookshopg299.00l0o005.30287 HUTMpMCA06651r2025-07-21 00:00:00v239.20w2021-07-16yBK